[Event "Jundiai op 4th"]
[Site "Jundiai"]
[Date "2023.07.23"]
[Round "4"]
[White "Barros, Jardel Teti"]
[Black "De Amorim, Luigi Zilio Martins"]
[Result "1/2-1/2"]
[WhiteElo "1471"]
[BlackElo "1141"]
[PlyCount "35"]
[EventDate "2023.07.21"]
[EventType "swiss"]
[EventRounds "5"]
[EventCountry "BRA"]
[SourceTitle "CBM 215 Extra"]
[Source "ChessBase"]
[SourceDate "2023.09.30"]
[SourceVersion "1"]
[SourceVersionDate "2023.09.30"]
[SourceQuality "1"]

1. e4 c5 2. Nf3 d6 3. d4 cxd4 4. Nxd4 Nf6 5. Nc3 a6 6. Be3 e5 7. Nf3 Be7 8. Bc4 0-0 9. 0-0 Nc6 10. Re1 Be6 11. Bxe6 fxe6 12. Na4 Nd7 13. c4 Nc5 14. Nxc5 dxc5 15. Qxd8 Raxd8 16. Red1 b6 17. Ng5 Bxg5 18. Bxg5 1/2-1/2

[Event "Jundiai op 4th"]
[Site "Jundiai"]
[Date "2023.07.22"]
[Round "3"]
[White "De Amorim, Luigi Zilio Martins"]
[Black "Carneiro, Ruan Souza"]
[Result "0-1"]
[WhiteElo "1141"]
[BlackElo "1506"]
[PlyCount "41"]
[EventDate "2023.07.21"]
[EventType "swiss"]
[EventRounds "5"]
[EventCountry "BRA"]
[SourceTitle "CBM 215 Extra"]
[Source "ChessBase"]
[SourceDate "2023.09.30"]
[SourceVersion "1"]
[SourceVersionDate "2023.09.30"]
[SourceQuality "1"]

1. e4 e5 2. Nf3 Nc6 3. Bc4 Bc5 4. c3 Nf6 5. d3 d6 6. 0-0 h6 7. Nbd2 Bg4 8. Re1 0-0 9. Nf1 Ne7 10. h3 Bxf3 11. Qxf3 Ng6 12. Be3 Bxe3 13. Nxe3 c6 14. d4 Nh4 15. Qe2 exd4 16. cxd4 Nxe4 17. Qc2 d5 18. Bd3 Re8 19. Nd1 Qg5 20. Ne3 Nf3+ 21. Kh1 0-1

[Event "Jundiai op 4th"]
[Site "Jundiai"]
[Date "2023.07.22"]
[Round "2"]
[White "Mangini, Bruno Fernandes"]
[Black "De Amorim, Luigi Zilio Martins"]
[Result "0-1"]
[WhiteElo "1734"]
[BlackElo "1141"]
[PlyCount "90"]
[EventDate "2023.07.21"]
[EventType "swiss"]
[EventRounds "5"]
[EventCountry "BRA"]
[SourceTitle "CBM 215 Extra"]
[Source "ChessBase"]
[SourceDate "2023.09.30"]
[SourceVersion "1"]
[SourceVersionDate "2023.09.30"]
[SourceQuality "1"]

1. d4 Nf6 2. c4 g6 3. Nc3 Bg7 4. e4 d6 5. Nf3 0-0 6. g3 Bg4 7. Bg2 Nc6 8. 0-0 e5 9. d5 Nd4 10. Qd3 Nd7 11. b4 a5 12. Nxd4 exd4 13. Nb5 Ne5 14. Qb3 a4 15. Qa3 Nxc4 16. Qd3 Ne5 17. Qa3 d3 18. Rb1 Be2 19. Be3 Bxf1 20. Bxf1 Nc4 21. Qxd3 Nxe3 22. Qxe3 c6 23. dxc6 bxc6 24. Nd4 Qb6 25. Rd1 c5 26. Nb5 Rfd8 27. Rd5 Rac8 28. h4 Rc6 29. h5 cxb4 30. Qg5 Rc5 31. hxg6 hxg6 32. Rxc5 dxc5 33. Bc4 Rd1+ 34. Kg2 Qf6 35. Qxc5 Rb1 36. Nd6 Bf8 37. Bxf7+ Qxf7 38. Qc8 Qe7 39. Qc4+ Kh7 40. e5 Qxe5 41. Nf7 Qh5 42. Ng5+ Qxg5 43. Qd3 Rb2 44. Qd7+ Bg7 45. Qh3+ Qh5 0-1

[Event "Hebraica op 30th"]
[Site "Hebraica"]
[Date "2023.02.12"]
[Round "7"]
[White "Marcal, David Hakak"]
[Black "De Amorim, Luigi Zilio Martins"]
[Result "1-0"]
[WhiteElo "1285"]
[BlackElo "1800"]
[PlyCount "146"]
[EventDate "2023.02.10"]
[EventType "swiss"]
[EventRounds "7"]
[EventCountry "BRA"]
[SourceTitle "CBM 212 Extra"]
[Source "ChessBase"]
[SourceDate "2023.03.31"]
[SourceVersion "1"]
[SourceVersionDate "2023.03.31"]
[SourceQuality "1"]

1. d4 Nf6 2. c4 g6 3. Nc3 Bg7 4. e4 d6 5. Be2 0-0 6. Nf3 e5 7. dxe5 dxe5 8. 0-0 Nc6 9. h3 Qe7 10. Nd5 Nxd5 11. cxd5 Nd4 12. Be3 Nxe2+ 13. Qxe2 f5 14. Qc4 Qf7 15. Ng5 Qe8 16. d6+ Kh8 17. dxc7 h6 18. Nf3 Be6 19. Qc2 f4 20. Bc5 Rf7 21. Ba3 Rc8 22. Rac1 g5 23. Bd6 Bd7 24. Qc3 g4 25. hxg4 Bxg4 26. Bxe5 Bxf3 27. Bxg7+ Rxg7 28. Qxf3 Qg6 29. Rfd1 Rcxc7 30. Rxc7 Rxc7 31. Qxf4 Rg7 32. Rd8+ Kh7 33. Qf5 Qxf5 34. exf5 Rc7 35. g3 Kg7 36. Rd6 Rf7 37. Rg6+ Kh7 38. g4 h5 39. f3 hxg4 40. fxg4 Rc7 41. Re6 Kg7 42. Kf2 Rc2+ 43. Re2 Rc7 44. Kf3 Kf7 45. Kf4 Rc4+ 46. Re4 Rc2 47. Rb4 b6 48. Ke5 Re2+ 49. Kd6 Rd2+ 50. Kc6 Kf6 51. Kb7 Rd7+ 52. Kc8 Rd2 53. Kc7 Ke7 54. Kc6 Kf6 55. Kb5 Kg5 56. b3 Rxa2 57. Ra4 Rd2 58. Rxa7 Rd3 59. Rg7+ Kf6 60. Rg6+ Kf7 61. Kxb6 Rxb3+ 62. Kc5 Rd3 63. Rd6 Rg3 64. Rd4 Kf6 65. Kd6 Re3 66. Kc6 Rc3+ 67. Kd6 Re3 68. Kc7 Rc3+ 69. Kd8 Re3 70. Rd6+ Kf7 71. g5 Re5 72. g6+ Kg7 73. Rd7+ Kg8 1-0

[Event "Hebraica op 30th"]
[Site "Hebraica"]
[Date "2023.02.11"]
[Round "5"]
[White "Bianchini, Marlon"]
[Black "De Amorim, Luigi Zilio Martins"]
[Result "1/2-1/2"]
[WhiteElo "1174"]
[BlackElo "1800"]
[PlyCount "63"]
[EventDate "2023.02.10"]
[EventType "swiss"]
[EventRounds "7"]
[EventCountry "BRA"]
[SourceTitle "CBM 212 Extra"]
[Source "ChessBase"]
[SourceDate "2023.03.31"]
[SourceVersion "1"]
[SourceVersionDate "2023.03.31"]
[SourceQuality "1"]

1. e4 c5 2. Nf3 d6 3. Bb5+ Bd7 4. Bxd7+ Nxd7 5. 0-0 Ngf6 6. Re1 g6 7. c3 Bg7 8. d4 cxd4 9. cxd4 e5 10. d5 Nc5 11. Nc3 0-0 12. b3 Nfd7 13. Bg5 f6 14. Be3 f5 15. Nd2 Nd3 16. Rf1 f4 17. Nc4 fxe3 18. Qxd3 exf2+ 19. Rxf2 Rxf2 20. Kxf2 Nc5 21. Qe2 Qe7 22. Kg1 Rf8 23. Rf1 Qc7 24. Nb5 Qb8 25. Qg4 Kh8 26. Rxf8+ Bxf8 27. Qf3 a6 28. Qf6+ Kg8 29. Nbxd6 b5 30. Qf7+ Kh8 31. Qf6+ Kg8 32. Qf7+ 1/2-1/2

[Event "Hebraica op 30th"]
[Site "Hebraica"]
[Date "2023.02.10"]
[Round "1"]
[White "De Paula, Bruno Cesar Lima"]
[Black "De Amorim, Luigi Zilio Martins"]
[Result "1-0"]
[WhiteElo "1643"]
[BlackElo "1800"]
[PlyCount "43"]
[EventDate "2023.02.10"]
[EventType "swiss"]
[EventRounds "7"]
[EventCountry "BRA"]
[SourceTitle "CBM 212 Extra"]
[Source "ChessBase"]
[SourceDate "2023.03.31"]
[SourceVersion "1"]
[SourceVersionDate "2023.03.31"]
[SourceQuality "1"]

1. e4 c5 2. Nf3 d6 3. d4 cxd4 4. Qxd4 Nc6 5. Bb5 Bd7 6. Bxc6 Bxc6 7. Nc3 Nf6 8. Bg5 e6 9. 0-0-0 Be7 10. e5 Bxf3 11. exf6 Bxf6 12. Bxf6 Qxf6 13. Qxf6 gxf6 14. gxf3 Ke7 15. Rhe1 f5 16. Rd4 Kd7 17. Red1 d5 18. Nxd5 exd5 19. Rxd5+ Kc6 20. Rd6+ Kc5 21. R1d5+ Kc4 22. a3 1-0